000 00355nam a22001337a 4500
003 SGT
020 _a9788185002811
082 _a340,CHA
100 _aCHATTERJEE,MARGARET
245 _aGANDHIS DIAGNOSTIC APPROACH RETHOUGHT
_bEXPLORING A PERSPECTIVE ON HIS LIFE AND WORK
260 _aNEW DELHI
_bPROMILLA & CO
_c2007
300 _a234
942 _2ddc
_cBK
_01
999 _c10360
_d10360